Central Library OPAC University of Rajshahi

Cyrus the Great / (Record no. 25592)

MARC details
000 -LEADER
fixed length control field 00815cam a2200289I 4500
001 - CONTROL NUMBER
control field 25592
003 - CONTROL NUMBER IDENTIFIER
rucl marc code BD-RjUL
005 - DATE AND TIME OF LATEST TRANSACTION
control field 20211209050912.0
008 - FIXED-LENGTH DATA ELEMENTS--GENERAL INFORMATION
fixed length control field 140318r19611960uk a 000 0beng u
035 ## - SYSTEM CONTROL NUMBER
System control number MITb10788912
System control number (OCoLC)01084188
-- (BD-RjUL)25662
040 ## - CATALOGING SOURCE
Transcribing agency IAU
Modifying agency OCL
-- MYG
Original cataloging agency BD-RjUL
Language of cataloging eng
041 ## - LANGUAGE CODE
Language code of text/sound track or separate title eng
082 ## - DEWEY DECIMAL CLASSIFICATION NUMBER
Classification number 923.135
Author mark and year LAC 1961
090 ## - LOCALLY ASSIGNED LC-TYPE CALL NUMBER (OCLC); LOCAL CALL NUMBER (OCLC)
Classification number (OCLC) (R) ; Classification number, CALL (RLIN) (NR) DS282
Local cutter number (OCLC) ; Book number/undivided call number, CALL (RLIN) .L3x
100 1# - MAIN ENTRY--PERSONAL NAME
Personal name Lamb, Harold.
Dates associated with a name 1892-1962.
9 (RLIN) 67960
245 10 - TITLE STATEMENT
Title Cyrus the Great /
Statement of responsibility, etc. Harold Lamb.
250 ## - EDITION STATEMENT
Edition statement [1st ed.]
260 ## - PUBLICATION, DISTRIBUTION, ETC. (IMPRINT)
Place of publication, distribution, etc. London :
Name of publisher, distributor, etc. Robert Hale Ltd.
Date of publication, distribution, etc. 1960. [Reprint-1961]
300 ## - PHYSICAL DESCRIPTION
Pagination 224 p.
Illustrations ill.
Size 22 cm.
504 ## - BIBLIOGRAPHY, ETC. NOTE
Bibliography, etc Includes index.
600 00 - SUBJECT ADDED ENTRY--PERSONAL NAME
Personal name Cyrus,
Titles and other words associated with a name King of Persia,
Dates associated with a name -529 or 530 B.C.
942 ## - ADDED ENTRY ELEMENTS (KOHA)
Source of classification or shelving scheme Dewey Decimal Classification
Koha item type Books
949 ## - LOCAL PROCESSING INFORMATION (OCLC)
a x
p 39080009901866
Holdings
Lost status Source of classification or shelving scheme Damaged status Not for loan Permanent Location Current Location Shelving location Date acquired Source of acquisition Cost, normal purchase price Total Checkouts Full call number Date last seen Copy number Koha item type
  Dewey Decimal Classification   Added to bundle Central Library, University of Rajshahi Central Library, University of Rajshahi Reading Room 27/05/1964 Thomas & Thomas 18.90   923.135 LAC 1961 18/03/2014 C-1 Books